000 00596nam a2200205Ia 4500
001 14774
003 GE_BSU
008 181216s||||||||xx |||||||||||||| ||und||
040 _cGE_BSU
080 _a681
100 _aАрхангельский,Н.А. Зайцев,Б.И.
245 _aАвтоматические цифровые машины
245 _cРед.А.А.Коноплянкин
260 _aМосква
260 _bГосиздат
260 _c1958
300 _a126стр.20см.
653 _aАвтоматические цифровые машины
942 _cBK
999 _c47897
_d47897